Проповеди (Запис номер 387444)
[ съкратено ]
| 000 -Лидер | |
|---|---|
| Контролно поле с фиксирана дължина | 01546nam a22003137a 4500 |
| 003 - Код на организацията, давaща контролен номер | |
| Контролно поле | BLK |
| 005 - Дата и час на последна редакция | |
| Контролно поле | 20240311110918.0 |
| 008 - Елементи от данни с фиксирана дължина | |
| fixed length control field | 200910b bu ||||| |||| 00| 0 bu d |
| 020 ## - Международен стандартен номер на книга ISBN | |
| Международен стандартен номер на книга ISBN | 9786197248234 |
| 040 ## - Източник на каталожния запис | |
| Идентификатор на билиотеката - собственик на записа | BLK |
| 041 ## - Код за език | |
| Код за езика на текст/звукозапис или на отделно заглавие | Български |
| Код за езика КДБФ | Български |
| 080 ## - УДК | |
| Текстов определител УДК | Проповеди |
| УДК код - определител по УДК | 27-475 |
| УДК - код + определител | 27-475 |
| 100 ## - Редна дума - Автор | |
| Автор | Серафим Софийски, свети |
| Авторска отговорност | първи автор |
| R(LIN) | 1299 |
| 139 ## - Редно поле | |
| Редна дума | Серафим Софийски, свети |
| Авторски знак | Сер - С 34 |
| 245 ## - Сведения за заглавието | |
| Заглавие | Проповеди |
| Редно поле (дума) | Светител Серафим Софийски |
| Том | Т. 2 |
| Заглавие на том | 1945-1949 |
| 250 ## - Област на изданието | |
| Сведения за изданието | 3.изд. |
| 260 ## - Област на издателските данни | |
| 9 (RLIN) | 218578 |
| Място на издаване, разпространение и проч. | София |
| Име на издателя, разпространителя и проч. | Православно изд. Св. апостол и евангелист Лука |
| Година на издаване | 2020 |
| Информация за издателството | Св. Ап. и евангелист Лука |
| Издателство - префикс ISBN | 978-954-90672- ; 978-954-767- |
| 300 ## - Физическа характеристика | |
| Страници | 296 с. |
| Илюстрации и др. | с портр. |
| Размери/Мащаб | 21 см |
| 380 ## - Жанр | |
| Жанр | Религия. Теология |
| 500 ## - Общи забележки | |
| Забележка | Светител Серафим Софийски - духовно име на Николай Борисович Соболев<br/>1. изд. 1998 на изд. Снежана Иванова |
| 650 #0 - Допълнително описание по предмет – тема | |
| Основно описание – тема или топоним | Православие - проповеди |
| 9 (RLIN) | 417118 |
| 653 #7 - Ключова дума – ненормативна | |
| 9 (RLIN) | 194332 |
| Ключова дума | православие |
| 653 #7 - Ключова дума – ненормативна | |
| 9 (RLIN) | 194731 |
| Ключова дума | проповеди |
| 760 ## - Описание на основната серия | |
| Редна дума на основното описание | Серафим Софийски, свети |
| Издание | 3. изд., 2020 |
| Място на издаване, издател и година | София, : Православно изд. "Св. апостол и евангелист Лука" |
| Част - том | Т. 2 |
| Заглавие | 1945-1949 |
| 852 ## - Местоположение | |
| Форматна сигнатура | Цб 300008 |
| Фондова буква | Хранилище |
| 999 ## - СИСТЕМНИ КОНТРОЛНИ НОМЕРА | |
| Koha biblionumber | 387444 |
| Koha biblioitemnumber | 387444 |
| 942 ## - АРТИКУЛИ | |
| Вид на библиотечния материал | Книги |
| Скрит в OPAC | Не |
| Периодичен библиозапис | Да |
| 944 ## - СЪЗДАВАНЕ И РЕДАКЦИЯ на ЗАПИСА | |
| Създаване/Редакция | Създаване |
| Дата на регистрацията/редакция | 2020-07-02 |
| Служител, извършил регистрацията/редакцията | 30560 |
| Статус, дата на статуса | Геновева Генчева |
| 999 ## - СИСТЕМНИ КОНТРОЛНИ НОМЕРА | |
| Koha biblioitemnumber | 372421 |
| Код за отписване | Код за изгубен артикул | Източник на класификационната схема | Код за повреда | Коз за рестрикции | Код за отдаване | Артикулен № | Име на библиотеката - собственик | Име на библиотеката, в която се намира в момента | Статус (Текущо местоположение) | Дата на вписване в системата | Местоположение - отдел | Цена в лева | Систематично азбучна сигнатура | Баркод | Цена в евро | Служебен тип на артикула |
|---|---|---|---|---|---|---|---|---|---|---|---|---|---|---|---|---|
| Не е изгубен | Universal Decimal Classification | Не е повреден | само за читалня | ползва се в читалня | 798512 | Регионална библиотека "Любен Каравелов" Русе | Регионална библиотека "Любен Каравелов" Русе | Хранилище | 2020-09-14 | Хранилище | 14.50 | Цб 303412 | 120000845931 | 7.41 | Книги |